| 000 | 01020nam a2200301 4500 | ||
|---|---|---|---|
| 001 | 0000023594 | ||
| 003 | CO-CtgCURN | ||
| 005 | 20250331184435.0 | ||
| 007 | ta | ||
| 008 | 160627s2012 000 0 eng d | ||
| 020 | _a9789586539722 | ||
| 040 |
_aCO-CtgCURN _bspa _ccoctgcurn |
||
| 082 | 0 |
_a345 _bB777 |
|
| 100 | 1 | _aBrito Ruiz, Fernando. | |
| 245 | 1 | 0 |
_aRegimen disciplinario : _bprocedimiento ordinario procedimiento verbal pruebas / _cFernando Brito Ruiz. |
| 250 | _a4a. Ed. | ||
| 260 |
_aBogotá : _bLegis, _c2012. |
||
| 300 | _a467 p. | ||
| 336 | _2rdacontent | ||
| 337 |
_2rdamedia _asin mediacion _bn |
||
| 338 |
_2rdacarrier _avolumen _bnc |
||
| 504 | _aIncluye indice bibliografico (p.459-467) | ||
| 505 | 8 | _aRegimen disciplinario.--Procedimiento ordinario.--Proceso verbal.--Las pruebas en el proceso disciplinario | |
| 650 | 1 | 4 |
_aDerecho administrativo _zColombia. |
| 908 | _a160627 | ||
| 942 |
_cBK _h345 _iB777 _2ddc |
||
| 999 |
_c19724 _d19724 |
||